Statistics for Real or fake? Capitals.

Click here to take the quiz!

General Stats

  • This quiz has been taken 11 times
  • The average score is 14 of 15

Answer Stats

QuestionAnswer% Correct
Capital of JordanAmman
100%
Capital of ChinaBeijing
100%
Capital of SlovakiaBratislava
100%
Capital of ArgentinaBuenos Aires
100%
Capital of TanzaniaDodoma
100%
Capital of BoliviaLa Paz
100%
Capital of ChadNdjamena
100%
Capital of FranceParis
100%
Capital of Dominican RepublicSanto Domingo
100%
Capital of HondurasTegucigalpa
100%
Capital of the United States of AmericaWashington DC
100%
Capital of MadagascarAntananarivo
86%
Capital of VanuatuPort Vila
86%
Capital of PalauNgerulmud
71%
Capital of KazakhstanNur Sultan
57%

Score Distribution

Percentile by Number Answered

Percent of People with Each Score

Your Score History

You have not taken this quiz